00977nam a22002417a 45000010005000000030006000050050017000110080041000280200018000690400029000870500008001160820010001241000029001342450125001632600048002883000045003365050007003815200239003885210026006275210018006536500026006717000038006979655FISKH20260128100230.0260128b cb ||||| |||| 00| 0 eng d a9781730156601 aFISKHbengcFISKHdFISKH aPZ7 a398.2 aGupta, Prashant eAuthor aSinbad the sailor :bPre-school see-and-read story books /cEdited by Prashant Gupta ; illustrated by Harvinder Mankkar  aNew Delhi :bDreamland Publications ,c2003 a16 pages :bcolor illustrations ;c26 cm aC  aWe have specially published these books with their favorite characters and other things in pictures to catch the attention of the children of pre-school age. Children can recognize the characters and things while reading the stories. 8 a50 bLexile estimate 8 aC bRaz-Plus  aPicture bookvSinbad  aMankkar, Harvinder eIllustrator